| 000 | 00903nam a2200277 i 4500 | ||
|---|---|---|---|
| 003 | DO-SdBNP | ||
| 005 | 20260304094324.0 | ||
| 007 | ta | ||
| 008 | 241004b2016 dr ||||| |||| 00| 0 spa d | ||
| 020 | _a9789945905021 | ||
| 040 |
_aDO-SdBNP _bspa _cBNPHU _erda |
||
| 082 | 4 |
_aRD863.44 _bP379L _222 |
|
| 100 | 1 |
_aPeix, Pedro _d1952-2015 _eautor _4aut. _925675 |
|
| 245 | 1 | 3 |
_aLas locas de la plaza de los almendros 1978 / _cPedro Peix. |
| 264 | 4 |
_aSanto Domingo : _bEditora Corripio, _c2016. |
|
| 300 |
_a87 páginas ; _c21 cm. |
||
| 336 |
_atexto _btxt _2rdacontent |
||
| 337 |
_asin mediación _bn _2rdamedia |
||
| 338 |
_avolumen _bnc _2rdacarrier |
||
| 500 | _aIncluye datos biográficos del autor en la solapa de la cubierta. | ||
| 590 | _aInventariado, 2024/BT | ||
| 650 | 4 |
_aCuentos dominicanos _9176 _2LEMB |
|
| 650 | 4 |
_aLiteratura dominicana. _967 _2LEMB |
|
| 910 | _aBtavárez | ||
| 942 |
_2ddc _cLBS1 |
||
| 999 |
_c57755 _d57755 |
||